MESTSKÁ KNIŽNICA GIRALTOVCE  - online katalóg 

Abstrakcia a kreslenie architektonického priestoru (Record no. 14943)

000 -NÁVESTIE
fixed length control field 00818nam a2200217 a 4500
008 - ÚDAJE S PEVNOU DĹŽKOU – VŠEOBECNÉ INFORMÁCIE
fixed length control field 960123s1973||||[C 0 slo c
040 ## - ZDROJ KATALOGIZÁCIE
Pôvodná katalogizujúca agentúra SNK
Jazyk katalogizácie slo
Prepisujúca agentúra SNK
Konvencie popisu AACR2
041 1# - KÓD JAZYKA
Kód jazyka textu/zvukovej stopy alebo samostatných nápisov slo
044 ## - KÓD KRAJINY VYDAVATEĽA/PRODUCENTA
Kód krajiny MARC xo
Kód krajiny ISO SK
080 ## - ČÍSLO MEDZINÁRODNÉHO DESATINNÉHO TRIEDENIA (MDT)
Číslo Medzinárodného desatinného triedenia (MDT) 72.011+711.5:744(075)
080 ## - ČÍSLO MEDZINÁRODNÉHO DESATINNÉHO TRIEDENIA (MDT)
Číslo Medzinárodného desatinného triedenia (MDT) 711.5
080 ## - ČÍSLO MEDZINÁRODNÉHO DESATINNÉHO TRIEDENIA (MDT)
Číslo Medzinárodného desatinného triedenia (MDT) 744(075)
020 ## - MEDZINÁRODNÉ ŠTANDARDNÉ ČÍSLO KNIHY (ISBN)
Údaje o dostupnosti 29
245 10 - NÁZOV
Názov Abstrakcia a kreslenie architektonického priestoru
Zvyšok názvu Určená architektom v projekčnej praxi, ústavoch a zariadeniach, ako učeb. pomôcka posl. staveb. fakúlt, žiakom priem. škôl staveb. a odb. učilíšť ; Aut. Ján Antal
250 ## - ÚDAJ O PORADÍ VYDANIA
Údaj o poradí vydania 2. vyd.
260 ## - VYDAVATEĽSKÉ ÚDAJE, DISTRIBÚCIA ATĎ.
Miesto publikovania, distribúcie atď. Bratislava
Názov vydavateľa, distibútora atď. Alfa
Dátum publikovania, distribúcie atď. 1973
Miesto výroby S.l.Polygraf. záv.
Výrobca Polygraf. záv.
300 ## - FYZICKÝ POPIS
Rozsah 129, [3] s.
Ďalšie fyzické detaily Ilustr. Použ. lit. Grafy. Schémy
Rozmery Prieč. 8ř
490 0# - EDÍCIA
Edícia Edícia stavebníckej literatúry
700 1# - PRIDANÝ VSTUP – OSOBNÉ MENO
Osobné meno Antal, Ján
Kód roly aut
958 ## - Formálny deskriptor
Formálny deskriptor A
Holdings
Stav stiahnutia (Blokovanie) (Withrawn status) Stav straty Stav poškodenia (Damaged status) Nie pre výpožičky (Not for loan) Spôsob nadobudnutia (Collection code) Trvalé umiestnenie Aktuálne umiestnenie Dátum nadobudnutia Náklady, bežná kúpna cena Inventárne číslo (prírastkové číslo) Full call number Dátum posledného výskytu Cena s účinnosťou od Typ jednotky Koha
        Kúpa Mestská knižnica Giraltovce Mestská knižnica Giraltovce 2019-11-29 29.00 13982 I 0081 2019-11-29 2019-11-29 Odborná literatúra pre dospelých

Powered by Koha